000 00762nam a2200277Ia 4500
005 20260324111614.0
008 008 260324s9999 xx 000 0 eng d
020 _a9781032664293
037 _aEBOOK
040 _aCRL
040 _beng
040 _cCRL
041 _2eng
041 _aeng
084 _qCRL
100 _aSalwa Belaqziz; Salma El Hajjami; Hicham Amellal; Redouan Lahmyed; Lahcen Koutti; Boulouz Abdellah; Inam Ullah Khan
_91139258
245 0 _aSmart Applications of Artificial Intelligence and Big Data
260 _bTaylor and Francis
260 _c2025
365 _a
365 _b240
856 _uhttp://www.taylorfrancis.com/books/9781032664293
942 _cEBOOK
999 _c1728137
_d1728137